000 01351cam a22001934a 4500
999 _c4439
_d4439
020 _a0767410637
022 _a9780767410632
050 0 0 _aBF76.5
_b.C67
100 1 _aCozby, Paul C.
245 1 0 _aMethods in behavioral research /
_cPaul C. Cozby.
250 _a7th ed.
260 _aMountain View, Calif. :
_bMayfield Pub. Co.,
_cc2001.
300 _axiii, 370 p. :
_bill. ;
_c23 cm.
500 _aIncludes bibliographical references and index
505 _aCh. 1. Scientific understanding of behavior -- Ch. 2. Where to start -- Ch. 3. Ethical research -- Ch. 4. Studying behavior -- Ch. 5. Measurement concepts -- Ch. 6. Observing behavior -- Ch. 7. Asking people about themselves: survey researchh -- Ch. 8. Experimental design: purposes and pitfalls -- Ch. 9. Conducting experiments -- Ch. 10. Complex experimental designs -- Ch. 11. Quasi-experimental, single-subject, and developmental research designs -- Ch. 12. Understanding research results: description and correlation -- Ch. 13. Understanding research results: statistical inference -- Ch. 14. Generalizing results -- App. A. Writing research reports -- App. B. Statistical tests -- App. C. Statistical tables -- App. D. Constructing a Latin square.
650 0 _aPsychology
_xResearch
_xMethodology.
650 0 _aSocial sciences
_xResearch
_xMethodology.
942 _cBK